000 00929nam a2200277 a 4500
001 vtls001531318
003 NLI
005 20210627145421.0
008 121212m1955uuuuxx 000 0 eng
039 9 _y201212121632
_zVLOAD
040 0 _aNLI
_beng
_cXData_1
_eAACR2
041 0 _aeng
044 _axx
082 _a178
245 0 0 _aRamdas speaks
260 _aAnandashram :
_bAnandashram Press,
_c1955-
300 _a-v. ;
_c21 cm.
500 _aLibrary has vol.1-10
505 0 _aVol.1 Switzerland.-v.2 Frances and Switzerland.-v.3 Switzerland and Germany.-v.4 Germany and France.-v.5 France and Belguim and Holland.-v.6 England and America.-v.7 America.-v.8 America.-v.9 Japan, Hongkong, Singapore, Malaya and Ceylon.-v.10 Ceylon
650 0 _aHinduism
710 2 _aAnandashram Press
_9759834
887 _a
901 _aIMP319188
_b08.02.1958
_9v.9
902 _a178 C 1949
999 _aVIRTUA40
_c982425
_d982425
942 _2ddc
_cBKS